Zwischen Anstalt und Schule : Eine Wissensgeschichte der Erziehung »schwachsinniger« Kinder in Berlin, 1845-1914.

Bibliographic Details
Main Author: Garz, Jona Tomke.
Format: eBook
Language:German
Published: Bielefeld : transcript, 2022.
Edition:1st ed.
Series:Histoire
Subjects:
Online Access:Click to View
LEADER 03386nam a22003853i 4500
001 EBC7024745
003 MiAaPQ
005 20231204023226.0
006 m o d |
007 cr cnu||||||||
008 231204s2022 xx o ||||0 ger d
020 |a 9783839458525  |q (electronic bk.) 
020 |z 9783837658521 
035 |a (MiAaPQ)EBC7024745 
035 |a (Au-PeEL)EBL7024745 
035 |a (OCoLC)1322125526 
040 |a MiAaPQ  |b eng  |e rda  |e pn  |c MiAaPQ  |d MiAaPQ 
100 1 |a Garz, Jona Tomke. 
245 1 0 |a Zwischen Anstalt und Schule :  |b Eine Wissensgeschichte der Erziehung »schwachsinniger« Kinder in Berlin, 1845-1914. 
250 |a 1st ed. 
264 1 |a Bielefeld :  |b transcript,  |c 2022. 
264 4 |c {copy}2022. 
300 |a 1 online resource (251 pages) 
336 |a text  |b txt  |2 rdacontent 
337 |a computer  |b c  |2 rdamedia 
338 |a online resource  |b cr  |2 rdacarrier 
490 1 |a Histoire 
505 0 |a Cover -- Inhalt -- 1. Einleitung -- 1.1 Thema und Erkenntnisinteresse -- 1.2 Idiotie, Schwachsinn und die psychiatrische Nosologie -- 1.3 Methodologische Überlegungen -- 1.4 Forschungsstand -- 1.5 Quellen -- 1.6 Aufbau der Arbeit -- 2. Die Anfänge der Blöd-und Schwachsinnigenbildung in Berlin 1846-1881 -- 2.1 Carl Wilhelm Saegert und der Junge Hermann Taube -- 2.2 Versuche der Institutionalisierung der Bildung schwach- und blödsinniger Kinder 1850-1880 -- 3. Beobachten und Aufschreiben: Schwachsinnige Kinder in der Idiotenanstalt -- 3.1 Die Idiotenanstalt zu Berlin Dalldorf -- 3.2 Das Aufschreibesystem der Idiotenanstalt Dalldorf im Überblick -- 3.3 Beschriebener Schwachsinn: Die Akte Willy G. -- 3.4 Funktion der Aktenführung in Dalldorf -- 3.5 Neues Wissen über Schwachsinn? -- 4. Aus der Anstalt in die Schule -- 4.1 Konflikte zwischen Anstalten und Hilfsschulen -- 4.2 Die Einführung von Nebenklassen in Berlin -- 4.3 Ein neues Aufschreibesystem? -- 4.4 Pädagogische Pathologie als neue Wissenschaft? -- 5. Ein neuer Personalbogen für die Hilfsschule -- 5.1 Von Nebenklassensystemen zu Hilfsschulen -- 5.2 Ein neuer Personalbogen für Berlin -- 6. Professionalisiertes Wissen der Hilfsschullehrer:innen -- 6.1 Die »Personalbogenfrage« jenseits von Berlin -- 6.2 Der Personalbogen für Hilfsschulen als Gutachten für das preußische Militär -- 6.3 Der Personalbogen als Gutachten in Strafverfahren -- 6.4 Vereinheitlichung und Professionalisierung -- 7. Vom psychiatrischen Aufschreibesystem zum Personalbogen der Hilfsschule -- 7.1 Das psychiatrische Aufschreibesystem der Idiotenanstalt -- 7.2 Von den Nebenklassen zur Institutionalisierung der Hilfsschulen -- 7.3 Die Professionalisierung der Hilfsschulpädagogik -- Quellen- und Literaturverzeichnis -- Archivalien -- Gedruckte Quellen -- Literatur -- Danke. 
588 |a Description based on publisher supplied metadata and other sources. 
590 |a Electronic reproduction. Ann Arbor, Michigan : ProQuest Ebook Central, 2023. Available via World Wide Web. Access may be limited to ProQuest Ebook Central affiliated libraries.  
655 4 |a Electronic books. 
776 0 8 |i Print version:  |a Garz, Jona Tomke  |t Zwischen Anstalt und Schule  |d Bielefeld : transcript,c2022  |z 9783837658521 
797 2 |a ProQuest (Firm) 
830 0 |a Histoire 
856 4 0 |u https://ebookcentral.proquest.com/lib/matrademy/detail.action?docID=7024745  |z Click to View